| 000 | 00453nam a2200145Ia 4500 | ||
|---|---|---|---|
| 008 | 230917s9999||||xx |||||||||||||| ||und|| | ||
| 040 |
_e46217 _aMAIN |
||
| 041 | _aEnglish | ||
| 082 | _a294.09 G749R | ||
| 100 | _aGoyal, S R | ||
| 245 | 2 | _aA religious history of ancient India upto 1200 A D. V2: smarta, epic-pauranika & tantrika Hinduism, Christianity & Islam | |
| 260 |
_aMeerut _bKusumanjali Prakashan _c1986 |
||
| 300 | _axxxi, 483 p. | ||
| 942 | _cBK | ||
| 999 |
_c53320 _d53320 |
||